000 00864cab a2200217 4500
001 ABS44504
008 090401t1991 xxu||||| |||| 00| 0 eng d
035 _a(Sirsi) u47547
041 _aeng
110 _aAnthony Williams and Partners
_93
245 _aStansted airport
260 _c1991
350 _a0
490 _aBuilding
_v256(19) 10 May 1991, 49-60(9)
520 _a"Building dossier" covers the new terminal building at Stansted Airport designed by Foster Associates and built by Laing Management Contracting . A comment section introduces the architect`s report and project data , which credits consultants and contractors. In addition there is a schedule of accommodation and ample diagrams.
650 _aAIRPORTS
650 _aTRANSPORT INFRASTRUCTURE
690 _aBUILDING AND CONSTRUCTION-PROJECTS
942 _n0
948 _c04/03/1997
999 _c29982
_d29982